000 00565nam a2200217Ia 4500
003 OSt
005 20220926044607.0
006 a|||||r|||| 00| 0
007 ta
008 220923b |||||||| |||| 00| 0 eng d
037 _cGeneral Book
040 _aRTL
_cRTL
_beng
041 _2eng
_aeng
082 _aV2-53.L6, D9
100 _aMalleson G B
245 0 _aHistory of the French in India from the founding o
260 _c1899
650 _aBureacracy India
942 _hV2-53.L6, D9
_cGB
_2CC
999 _c675277
_d675277